Znaki rozpoznawcze województwa śląskiego - Statystyki

Ogólne statystyki
  • Ten quiz został rozwiązany 26 razy
  • Średni wynik to 6 z 12
Statystyki odpowiedzi
Obrazkowy Hint Odpowiedź % Poprawnych
zabytek Spodek
100%
osoba Jakub Błaszczykowski
80%
stadion Stadion {Śląski}
75%
miasto Częstochowa
70%
zabytek Jasna Góra
70%
port lotniczy Katowice-Pyrzowice
65%
osoba Lukas Podolski
55%
zaporowy zbiornik wodny Jezioro {Goczałkowickie}
40%
park Park Śląski
30%
miasto Jastrzębie-Zdrój
20%
park krajobrazowy Park Krajobrazowy {Orlich Gniazd}
20%
wzgórze Biakło
5%
Nie znaleziono quizów pasujących do podanych kryteriów
Rozkład punktacji
Procent ludzi z każdym wynikiem
Percentyl według liczby udzielonych odpowiedzi
Twoja historia wyników
Nie rozwiązałeś tego quizu